Hải Thượng y tông tâm lĩnh: T2
Đã lưu trong:
| Príomhúdar: | |
|---|---|
| Formáid: | Leabhar |
| Teanga: | Undetermined |
| Foilsithe: |
Hà Nội
Y Học
1995
|
| Ábhair: | |
| Clibeanna: |
Cuir Clib Leis
Gan Chlibeanna, Bí ar an gcéad duine leis an taifead seo a chlibeáil!
|
| Thư viện lưu trữ: | Trung tâm Học liệu Trường Đại học Cần Thơ |
|---|
| LEADER | 00550nam a2200181Ia 4500 | ||
|---|---|---|---|
| 001 | CTU_21650 | ||
| 008 | 210402s9999 xx 000 0 und d | ||
| 082 | |a 615.822 | ||
| 082 | |b Tr101/T2 | ||
| 100 | |a Lê Hữu Trác | ||
| 245 | 0 | |a Hải Thượng y tông tâm lĩnh: T2 | |
| 245 | 0 | |c Lê Hữu Trác, Hải Thượng Lãn Ông | |
| 260 | |a Hà Nội | ||
| 260 | |b Y Học | ||
| 260 | |c 1995 | ||
| 650 | |a drugs,folk medicine,pharmacology | ||
| 904 | |i Minh, 980116 | ||
| 980 | |a Trung tâm Học liệu Trường Đại học Cần Thơ | ||